| 000 | 01110 a2200229 4500 | ||
|---|---|---|---|
| 001 | 47486 | ||
| 005 | 20260407155742.0 | ||
| 008 | 260407a2017 arg spa d | ||
| 003 | AR-UNSa-BCEJYS | ||
| 040 |
_aAR-UNSa-BCEJYS _bspa _cAR-UNSa-BCEJYS |
||
| 080 |
_a929 _xEstudios biográficos y relacionados |
||
| 245 | 1 | 0 | _aConocer a Machiavelli |
| 020 | _a978-987-3886-29-4 | ||
| 264 | 1 |
_aBuenos Aires : _bCathedra Jurídica _c2017 |
|
| 300 |
_axxxiv, 445 p. _c23 cm. |
||
| 505 | _a1. Cronología - 2. Niccolò Machiavelli y su circunstancia histórica - 3. Bosquejo biográfico - 4. La triada de Machiavelli - 5. El método de Machiavelli - 6. El saber y el arte políticos - 7. La idea del Estado. Movimiento, estabilidad, ordenamiento - 8. Los discorsi sopra la prima deca de Tito Livio - 9. Il principe - 10. La autonomía de la política y la cuestión moral - 11. Apuntes finales. | ||
| 041 | _aspa | ||
| 942 | _cBK | ||
| 590 | _aniveau_biblio:m niveau_hierar:0 | ||
| 100 | 1 | _aFrondizi, Román | |
| 856 | 4 | 1 |
_uhttps://www.biblioeco.unsa.edu.ar/pmb/images/libros/L127527.jpg _yImagen de portada _qimage/jpeg |
| 999 |
_c4383 _d4383 |
||